000 00587nam a2200229Ia 4500
003 OSt
005 20220928102938.0
006 a|||||r|||| 00| 0
007 ta
008 220927b |||||||| |||| 00| 0 eng d
024 _a57652
037 _cTextual
040 _aSDCL
_cSDCL
_beng
041 _2eng
_aeng
082 _aY35.3'N7, L9
100 _aTremlett George
_9401311
245 0 _aLiving cities
260 _aLondon
_bMaurice Temple Smith
_c1979
300 _a190p
_ccm.
942 _hY35.3'N7, L9
_cTEXL
_2CC
999 _c717195
_d717195